01005nam a2200241 a 450000100100000000500170001000800410002704000250006808200200009310000330011324500840014626000340023030000200026459000260028465000280031065000310033870000460036971000510041591000380046695201180050495201240062299900170074600001032020240702114159.0091006s1975 dr r 000 p spa d aDO-SdBNPbspacBNPHU aRD861.44bE77po1 aEspaillat, Luis Ariel92533610aPor los caminos /cLuis Ariel Espaillat ; presentación Ramón Lacay Polanco. aSanto Domingo :bUASD,c1975. a51 p. ;c21 cm. aInventariado, 2018/BT 0aPoesía dominicana966 0aLiteratura dominicana.96712aLacay Polanco, Ramón,d1918-19869231551 aUniversidad Autónoma de Santo Domingo972951 aValidado. Control de calidad. MFF 0010718PDaPDbPDcHDd2009-10-06iLF1l0oRD861.44 E77pop10320-10r2020-06-25w2020-06-25yLFPDZNo se presta 0010718PDaPDbPDcHDd2009-10-06iLF1l0oRD861.44 E77pop10320-20r2020-06-25te. 2w2020-06-25yLFPDZNo se presta c10079d10079